Most All ireland hurling titles - Statistics

General Stats
  • This quiz has been taken 11 times
  • The average score is 11 of 13
Answer Stats
Hint Answer % Correct
30 (2005) Cork
100%
6 (1938) Dublin
100%
5 (2017) Galway
100%
36 (2015) Kilkenny
100%
5 (2024) Clare
89%
1 (1891) Kerry
89%
12 (2023) Limerick
89%
29 (2025) Tipperary
89%
2 (1958) Waterford
89%
6 (1996) Wexford
89%
1 (1915) Laois
78%
4 (1998) Offaly
78%
1 (1901) London
44%
No matching quizzes found
Score Distribution
Percent of People with Each Score
Percentile by Number Answered
Your Score History
You have not taken this quiz